000 00654nam a2200265Ia 4500
005 20260306163620.0
008 008 260114s9999 xx 000 0 eng d
020 _a9781474459877
037 _aEBOOK
040 _aCRL
040 _beng
040 _cCRL
041 _2eng
041 _aeng
084 _qCRL
100 _aDavidson
245 0 _aIllicit And Unnatural Practices: The Law, Sex And Society In Scotland Since 1900
260 _bEdinburgh University Press
260 _c2019
650 _aSocial Work
856 _uhttps://academic.oup.com/book/31013
942 _cEBOOK
999 _c1710812
_d1710812